000 00735nam a2200241Ia 4500
003 OSt
005 20220926014504.0
006 a|||||r|||| 00| 0
007 ta
008 220923b |||||||| |||| 00| 0 eng d
037 _cGeneral Book
040 _aRTL
_cRTL
_beng
041 _2eng
_aeng
082 _aX:8M4, L3
100 _aPoe Roy W
_9320699
245 0 _aBusiness communication
_b A problem-solving approac
260 _aNew York
_bMcGraw-Hill
_c1973
300 _aviii, 350p Bibliography p 340-341
_ccm.
650 _aCorrespondence Management
_9247795
700 _a Fruehling Rosemary T
_9320700
942 _hX:8M4, L3
_cGB
_2CC
999 _c629139
_d629139